000
00187 a2200097 4500
020
_a
9789996491504
041
_a
spa
100
_a
Pedro Avellan Centeno
245
_a
Balastro
942
_c
BK
999
_c
27717
_d
27717